000 00211 a2200109 4500
020 _a9789584266798
041 _aspa
100 _aAngela Becerra
245 _aElla que todo lo Tuvo
942 _cBK
952 _71
999 _c24323
_d24323